Quizzes
Events
Quiz Creation
Community
Videos
Private Events
Remove Ads
Sign In
Join for FREE
Feedback
Dark Mode
Quiz Categories
Sports
Geography
Music
Movies
Television
Just For Fun
Miscellaneous
History
Literature
Language
Science
Gaming
Entertainment
Religion
Holiday
For Kids
Quiz Lab
Recent
Popular Today
Quiz Kudos Today
Editor Picks
Curator Picks
Quizzes by...
Day
Popularity
Type
Ratings
Length
Year
Community
Subscriptions
Recent Discussions
Orange Saloon
Badges
Playlists
Quests
Create
Leaderboards
Showdown
Live 5
Trivia Bingo
Activity
Puzzle Library
Sporcle Events
Private Events
Virtual Trivia
Globe League
Become a Host
Pub Owners
SporcleCon
Opinionation
Our Games
Videos
Blog
Mobile Apps
Partnerships
Remove Ads and Go Orange
Feedback
Television
TV Characters
TV Show
Sitcom
Network
Friends
Reality Shows
Cast
South Park
Star Trek
The Simpsons
Doctor Who
Television
TV Characters
TV Show
Sitcom
Network
Friends
Reality Shows
Cast
South Park
Star Trek
The Simpsons
Doctor Who
Random Quiz
Search Sporcle
×
Quiz Lab
Quiz Lab
Television
My Little Pony
Type in answers that appear in a list
Type in answers that appear in a list
Classic
Best Score? Go Orange.
My Little Pony: Friendship is Magic Quiz Stats
Can you name the My Little Pony: Friendship is Magic Quiz?
By
Skybound
6m
36 Questions
7,733 Plays
7,733 Plays
7,733 Plays
Comments
Comments
Give Quiz Kudos
Give Quiz Kudos
-
- Ratings
hide this ad
Replay
Link that replays current quiz
Next Quiz
Link to next quiz in quiz playlist
You Got
0%
They Got
Avg Score
52%
Avg Friend Score
Upgrade to see
Score Distribution
Jump to the score distribution portion of the page
Score
0/36
Timer
06:00
1
Play Today
Pony Names
% Correct
Twilight Sparkle
93.4%
Applejack
92.9%
Rainbow Dash
91.9%
Pinkie Pie
91.3%
Fluttershy
91.3%
Rarity
91.2%
Apple Bloom
74.6%
Winter Wrap-Up
69.7%
Celestia
69.6%
Luna
69.6%
Scootaloo
69.5%
Sweetie Belle
69.2%
Spike
68.2%
Ponyville
62.6%
Canterlot
58%
Sweet Apple Acres
56.7%
Stitching It Together
49.3%
Hush Now, Quiet Now
46.4%
Pony Names
% Correct
Big Macintosh
46.1%
Derpy Hooves
45.7%
The Cutie Mark Crusaders
44.3%
Evil Enchantress
41.4%
Zecora
41%
The Everfree Forest
38.4%
Giggle At The Ghostie
37.2%
The Great And Powerful Trixie
34.4%
Cloudsdale
29.5%
Cheerilee
28.4%
The Grand Galloping Gala
26.4%
Angel Bunny
26.2%
Snails
25.8%
Snips
25.5%
Froggy Bottom Bog
24.2%
Gilda
23.8%
Dr. Whooves
23.6%
Whitetail Wood
7.6%
Quiz Playlist
Details
Report
Send in Message
Add To Playlist
Classic:
Type in answers that appear in a list
Last Updated: Aug 16, 2017
Quiz Scoreboard
CHALLENGE
Sign Up to Join the Scoreboard
Show All
Scores
Hide
Comments
May contain spoilers
Recently Published
College Basketball Coaching Resumes
by pancakes188
Sports
9m
Billboard Blitz: Fleetwood Mac
by CooCooCachoo
Music
15s
Presidents Visiting Landmarks
by Hejman
History
7m
More to Explore
Quiz From the Vault
Featured Blog Post
Where Did the Easter Bunny Come From?
hide this ad
You Might Also Like...
Tags
Friendship is Magic
little
magic
My Little Pony
Pony
Today's Top Quizzes in Television
Browse Television
hide this ad
Today's Top Quizzes in My Little Pony
Browse My Little Pony
Top Contributed Quizzes in Television
1
5-to-1: The Simpsons Families
2
5-to-1: Television Doctors
3
7-to-1: TV Show Settings
4
5-to-1: Streaming Originals
5
One Piece Logic Puzzle
6
Survivor Seasons
7
Survivor Logic Puzzle: Heroes vs. Villains
8
All US Survivor Seasons in Order
9
TV Shows by First Names
10
Survivor Season by Logo
Explore More
Trending Topics
Kpop
Marvel
Crossword
Harry Potter
NBA
Anime
Disney
Country
Soccer
The Office
Song
Puzzle
WWE
Pokémon
NFL
hide this ad
More By:
Skybound
Quiz
Plays
Rating
Category
Featured
Created
My Little Pony: Friendship is Magic Quiz
7,733
1.83
Television
Mar 7, 2011
Go to Creator's Profile
Score Distribution
Quiz Creator Spotlight
Skybound
Follow
Send a Message
Quizzes Created
-
Created Quiz Play Count
-
More By This Creator
Popular Quizzes Today
1
Find the US States - No Outlines Minefield
2
Find the Countries of Europe - No Outlines Minefield
3
The Countries of the World
4
Find the US States
5
Risky Map Clicking: Biggest States A-Z
6
US States
7
Popular People in 1961
8
Movies - When Are They Set?
More Television Quizzes
Missing Member: Television
Published
Trending Quizzes
Risky Map Clicking: Least Populous States A-Z
1-10 Letter G Words
1-10 Letter F Words
Risky Map Clicking: Next State Alphabetically
Risky Map Clicking: Biggest States A-Z
Recently Updated
Leaping Animals
pecheneg
Reality TV Shows (A-Z)
bhenderson79
Rickey Henderson's Hall of Fame Teammates
pecheneg
Champions League XIs: Arsenal
pecheneg
Quick Pick: Celebrities in WWE's Hall of Fame
aduchscher
A-Z Keypad Blitz II
pecheneg
Multiple Oscar Actors
pecheneg
Mystery Phrase Blitz: Oscar 'Best Actors'
pecheneg
F. Scott Fitzgerald Novels
LTH
Pick 3 Villains
ddd62291
Trending Topics
Marvel
Harry Potter
Crossword
Disney
Kpop
Anime
NBA
Soccer
Puzzle
WWE
Song
NFL
Country
Pokémon
The Office
Your Account Isn't Verified!
In order to create a playlist on Sporcle, you need to verify the email address you used during registration. Go to your
Sporcle Settings
to finish the process.
Report this User
Report this user for behavior that violates our
Community Guidelines
.
Details:
Send Report
Go to the Sporcle.com Mobile Site →
Comments